000 00783nas a2200265 4500
001 BR2011005673
003 BR-BrBNA
005 20231205115624.0
007 ta
008 230509b bl.|||p| |||| 00| 00por d
040 _aBR-BrBNA
_bpor
_cBiblioteca Nacional de Agricultura
041 _a(Pt)
072 _aF50
100 1 _aBenjamin, C.A.
100 1 _aBallarin, A.W.
245 1 _aVariação radial da densidade aparente da madeira de Corymbia (Eucalyptus)citriodora COM 29 anos de idade
650 _aTORA
650 _aCERNE
650 _aALBURNO
650 _aXILEMA
650 _aRAIO X
773 0 _tEnergia na Agricultura (Brazil)
_xISSN 1808-8759
_g(2009), v. 24(2) p. 29-46
_wBR2011005673
909 _a202311
_bLúcia
_c55
_dLúcia Elande
942 _2AGRIS
_n0
_cANA
999 _c214855
_d214855